杀手之谜. 希拉国王的宝库 (Record no. 2212)

000 -LEADER
fixed length control field 00523nam a22001937a 4500
003 - CONTROL NUMBER IDENTIFIER
control field MPLRDC
005 - DATE AND TIME OF LATEST TRANSACTION
control field 20220104113752.0
008 - FIXED-LENGTH DATA ELEMENTS--GENERAL INFORMATION
fixed length control field 210129b ||||| |||| 00| 0 eng d
020 ## - INTERNATIONAL STANDARD BOOK NUMBER
International Standard Book Number 7-5065-1339-0
082 ## - DEWEY DECIMAL CLASSIFICATION NUMBER
Classification number 886.159 SLM v.3
100 ## - MAIN ENTRY--PERSONAL NAME
Personal name 马哈茂德. 萨利姆
245 ## - TITLE STATEMENT
Title 杀手之谜. 希拉国王的宝库
Statement of responsibility, etc. 残玉译
250 ## - EDITION STATEMENT
Edition statement 一版一刷
260 ## - PUBLICATION, DISTRIBUTION, ETC.
Place of publication, distribution, etc.
Name of publisher, distributor, etc. 解放军出版社
Date of publication, distribution, etc. 1990
300 ## - PHYSICAL DESCRIPTION
Other physical details
490 ## - SERIES STATEMENT
Series statement 十三少年历险记. 3
650 ## - SUBJECT ADDED ENTRY--TOPICAL TERM
Topical term or geographic name entry element 非洲各国文学
942 ## - ADDED ENTRY ELEMENTS (KOHA)
Koha item type Book
-- 886.159 SLM v.3
Holdings
Withdrawn status Lost status Source of classification or shelving scheme Damaged status Not for loan Collection code Home library Current library Shelving location Date acquired Cost, normal purchase price Total Checkouts Full call number Barcode Date last seen Date last checked out Price effective from Koha item type Public note
            Malaysian Public Library, Research and Development Centre Malaysian Public Library, Research and Development Centre   10/12/2007 4.40   886.159 SLM v.3 00002197 17/03/2021 10/12/2007 17/03/2021 Book mplrdc

© 2022. Malaysian Public Library, Research and Development Centre. All Right ReservedE-mailmplrdc@help.edu.my 

Powered by Koha